Financial management (Buisiness Management)(Paper II) TYBCOM (Record no. 817865)

MARC details
000 -LEADER
fixed length control field 00632nam a2200217Ia 4500
008 - FIXED-LENGTH DATA ELEMENTS--GENERAL INFORMATION
fixed length control field 101110s9999 xx 000 0 und d
041 ## - LANGUAGE CODE
Language code of text/sound track or separate title ENGLISH
082 ## - DEWEY DECIMAL CLASSIFICATION NUMBER
Item number SR25217
100 ## - MAIN ENTRY--PERSONAL NAME
Personal name Chopade L.N.; Choudhuri D.H.
245 ## - TITLE STATEMENT
Title Financial management (Buisiness Management)(Paper II) TYBCOM
260 ## - PUBLICATION, DISTRIBUTION, ETC. (IMPRINT)
Date of publication, distribution, etc 2004
Name of publisher, distributor, etc Sheth Prakashan
300 ## - PHYSICAL DESCRIPTION
Extent 818
365 ## - TRADE PRICE
Price amount 180
520 ## - SUMMARY, ETC.
Summary, etc Commerce
546 ## - LANGUAGE NOTE
Language note ENGLISH
630 ## - SUBJECT ADDED ENTRY--UNIFORM TITLE
Uniform title Financial management (Buisiness Management)(Paper II) TYBCOM
650 ## - SUBJECT ADDED ENTRY--TOPICAL TERM
Topical term or geographic name as entry element Commerce
655 ## - INDEX TERM--GENRE/FORM
Genre/form data or focus term Commerce
730 ## - ADDED ENTRY--UNIFORM TITLE
Uniform title Financial management (Buisiness Management)(Paper II) TYBCOM
942 ## - ADDED ENTRY ELEMENTS (KOHA)
Koha item type Book
Holdings
Withdrawn status Lost status Damaged status Not for loan Home library Current library Date acquired Source of acquisition Cost, normal purchase price Shelving control number Total Checkouts Barcode Date last seen Price effective from Koha item type
        D. B. J. College, Chiplun D. B. J. College, Chiplun   Shree Ganesh Book Service, Bill No. 669/18-2-04 180.00     DBJSR25217 11/11/2010 11/11/2010 Book